000 00469nam a22001457a 4500
008 131205b xxu||||| |||| 00| 0 eng d
020 _a071954971X
050 _aDA585.M34M34 1992
100 _aMcLynn, Frank
_95170
245 _aFitzroy Maclean
260 _aLondon
_bJohn Murray
_c1992
300 _a418p.
_c23cm
650 _aMaclean, Fitzroy; Great Britain - Foreign relations - 1936-1945; Great Britain - Foreign relations - 1945-
_95171
942 _2lcc
_cMONOGRAPH
999 _c119092
_d119092